Hotel investment risk (Record no. 78700)

MARC details
000 -LEADER
fixed length control field 00916cam a22002055a 4500
001 - CONTROL NUMBER
control field L137737
008 - FIXED-LENGTH DATA ELEMENTS--GENERAL INFORMATION
fixed length control field 070425s2007 xxk f 000 0 eng d
035 ## - SYSTEM CONTROL NUMBER
System control number (Sirsi) u137737
041 0# - LANGUAGE CODE
Language code of text/sound track or separate title eng
100 1# - MAIN ENTRY--PERSONAL NAME
Personal name Younes, Elie
245 00 - TITLE STATEMENT
Title Hotel investment risk
Remainder of title what are the chances?
260 ## - PUBLICATION, DISTRIBUTION, ETC.
Date of publication, distribution, etc. 2007
490 #0 - SERIES STATEMENT
Series statement Journal of Retail and Leisure Property
Volume/sequential designation 6(1) January 69-78(10)
520 ## - SUMMARY, ETC.
Summary, etc. Discusses the different options for investment in the hotel sector, including limited service hotels, full service hotels, serviced apartments and shared ownership hotel. Considers whether mortgages for limited service hotels should be structured in a similar way to full service hotels or other type of hotel assets.
590 ## - LOCAL NOTE (RLIN)
Local note KA
651 #4 - SUBJECT ADDED ENTRY--GEOGRAPHIC NAME
Geographic name England and Wales
Chronological subdivision 1543-
690 ## - LOCAL SUBJECT ADDED ENTRY--TOPICAL TERM (OCLC, RLIN)
Topical term or geographic name as entry element PROPERTY-COMMERCIAL PROPERTY-LEISURE PROPERTY-HOLIDAY AND GUEST PROPERTY-HOTEL PROPERTY
700 1# - ADDED ENTRY--PERSONAL NAME
Personal name Kett, Russell
942 ## - ADDED ENTRY ELEMENTS (KOHA)
Suppress in OPAC 0
Holdings
Withdrawn status Lost status Source of classification or shelving scheme Damaged status Not for loan Home library Current library Shelving location Date acquired Total Checkouts Full call number Barcode Date last seen Copy number Price effective from Koha item type
    Dewey Decimal Classification     London London Journal article 25/04/2007   L137737 137737-1001 06/08/2019 1 06/08/2019 Journal article